000 00559cam a2200217ua 4500
001 7141
008 141127n ii |||gr||||Z||||||asm
020 _a9788192186948
040 _cMAIN
041 _aasm
082 _a370.15
100 _aBorthakur, M.,
_eAuthor.
245 1 _aSaikshik parimapan aru parisankhya bigyan
_cBy Minoti Borthakur
250 _a3rd.
260 _aJorhat:
_bUnika,
_c2011.
300 _a524p.
653 _aEducational statistics
700 _aSaikia, Tarun,
_eAuthor.
700 _aSaikia, Runu Borah,
_eAuthor.
942 _cBK
999 _c6267
_d6267